000 02846nam a22003737a 4500
005 20100910104845.0
008 100910t xxu||||| |||| 00| 0 eng d
010 _aENG-101458 B-427543-552
020 _a9788120915091
_c185.00
035 _aEN-84991 B-427543-552
037 _bDBAD/PUB
037 _bBlueberry/Ven
040 _adpl
_bEng
082 _a796.4
245 _aCommonwealth games :
_ban extravaganza /
_ccomplied by Pushker Srivastava [and] Gyanendra Bartaria
260 _aNew Delhi
_bPitambar Publishing Co.
_c2010
270 _a888, East Park Road, Karol Bagh
_bNew Delhi
_e110005
300 _a159p.:
_bill.
_c22cm (Hb)
700 _aSrivastava,Pushker
_919324
700 _aBartaria,Gyanendra
_919325
942 _2ddc
_cEN
_h796.4
_mCOM
999 _c44965
_d44965